MARC

LEADER 00000nam0a2200000 4500
001 278571
005 20231101235127.0
020 |a RU  |b 86-35444 
035 |a (RuTPU)RU\TPU\book\301848 
090 |a 278571 
100 |a 20141212d1986 k y0rusy5003 ca 
101 0 |a rus 
102 |a UA 
105 |a y z 000zy 
200 1 |a Хозрасчет и прогрессивные нормы и нормативы  |f И. Н. Кучерявый, Х. Х. Янгалеева, С. А. Сухостат  |g Академия наук Украинской ССР (АН УССР), Институт экономики (ИЭ) 
210 |a Киев  |c Наукова думка  |d 1986 
215 |a 155 с. 
225 1 |a Экономика 
606 1 |a Хозяйственный расчет  |x Экономика  |y Россия  |2 stltpush  |3 (RuTPU)RU\TPU\subj\64382  |9 81282 
606 1 |a Нормативное хозяйство  |x Управление  |x Автоматизация  |2 stltpush  |3 (RuTPU)RU\TPU\subj\46325  |9 65469 
610 1 |a производство 
610 1 |a нормативный учет 
610 1 |a хозяйственный расчет 
610 1 |a нормативы 
610 1 |a нормирование 
610 1 |a прогрессивные методы 
610 1 |a интенсификация 
610 1 |a отраслевые нормативные документы 
610 1 |a использование 
610 1 |a ремонтное производство 
610 1 |a бригадные формы 
675 |a 658.155  |z rus  |v 3 
675 |a 658.53  |z rus  |v 3 
700 1 |a Кучерявый  |b И. Н.  |g Иван Николаевич  |4 070 
701 1 |a Янгалеева  |b Х. Х.  |g Хадия Халимовна 
701 1 |a Сухостат  |b С. А.  |g Светлана Андреевна 
712 0 2 |a Академия наук Украинской ССР (АН УССР)  |b Институт экономики (ИЭ)  |2 stltpush  |3 (RuTPU)RU\TPU\col\11343 
801 0 |a RU  |b RuMRKP  |c 19950704  |g psbo 
801 1 |a RU  |b 63413507  |c 20141212 
801 2 |a RU  |b 63413507  |c 20170412  |g RCR 
942 |c BK